000 00588nam a22002177a 4500
001 00028894
005 20260425091413.0
008 260425b ag ||||| |||| 00| 0 spa d
020 _a8441307247
040 _aAR-CcCEOS
_bspa
_cAR-CcCEOS
041 _aspa
080 _a909.81
090 _bBUR v.1
100 _aS. C. Burchell
_91124
245 _aLa edad del progreso (1850-1910) :
_bVolumen I /
_cS. C. Burchell
264 _aBarcelona :
_bFolio,
_c1995.
300 _a95 p. ;
_c24x18 cm.
490 _vAtlas culturales del mundo
655 0 _aarte
_9138
942 _2udc
_cBK
_n0
999 _c28938
_d28938